Loading...
| History - Other | 0 | 6 | 0 | 2 | 60 | 104 | 118.83 | 0 | 1 | 7.10 | 22.73 |
| History - European | 0 | 5 | 2 | 2 | 40 | 75 | 117.00 | 0 | 2 | 6.59 | 18.18 |
| Mythology | 0 | 3 | 0 | 1 | 30 | 87 | 101.00 | 0 | 1 | 5.94 | 13.64 |
| History - American | 0 | 3 | 1 | 0 | 25 | 70 | 98.00 | 0 | 1 | 5.03 | 10.61 |
| Literature - British | 0 | 2 | 0 | 0 | 20 | 99 | 118.00 | 0 | 1 | 3.44 | 7.58 |
| Science - Biology | 0 | 2 | 0 | 0 | 20 | 42 | 64.50 | 1 | 1 | 8.72 | 13.64 |
| Current Events | 0 | 1 | 0 | 0 | 10 | 113 | 113.00 | 0 | 0 | 4.07 | 16.67 |
| Fine Arts - Other | 0 | 1 | 0 | 1 | 10 | 132 | 132.00 | 0 | 0 | 0.00 | 1.52 |
| Fine Arts - Painting and Sculpture | 0 | 1 | 0 | 0 | 10 | 134 | 134.00 | 0 | 0 | 0.26 | 3.03 |
| Science - Chemistry | 0 | 1 | 0 | 0 | 10 | 95 | 95.00 | 0 | 0 | 2.01 | 3.03 |
| Science - Other | 0 | 1 | 0 | 0 | 10 | 105 | 105.00 | 0 | 1 | 1.20 | 7.58 |
| Social Science | 0 | 1 | 0 | 0 | 10 | 96 | 96.00 | 0 | 0 | 2.27 | 4.55 |
| History - World | 0 | 2 | 3 | 1 | 5 | 100 | 111.00 | 0 | 1 | 2.15 | 6.06 |
| Religion | 0 | 1 | 1 | 0 | 5 | 98 | 98.00 | 0 | 0 | 1.91 | 1.52 |
| Geography | 0 | 1 | 1 | 0 | 5 | 93 | 93.00 | 0 | 1 | 10.37 | 27.78 |
| Pop Culture | 0 | 1 | 1 | 0 | 5 | 27 | 27.00 | 0 | 1 | 20.18 | 16.67 |
| Philosophy | 0 | 1 | 1 | 0 | 5 | 130 | 130.00 | 0 | 1 | 0.88 | 3.03 |
| Science - Physics | 0 | 0 | 1 | 0 | -5 | 0.00 | 0 | 0 | 0.00 | 0.00 | |
| Literature - European | 0 | 0 | 2 | 0 | -10 | 0.00 | 0 | 0 | 0.00 | 0.00 |